000 00865nam a2200253Ia 4500
003 OSt
005 20221005111743.0
006 a|||||r|||| 00| 0
007 ta
008 221004b |||||||| |||| 00| 0 san d
024 _a107451
037 _cTextual
040 _aCRL
_cCRL
_bsan
041 _2san
_asan
082 _aO15,6M77x, J6.1
100 _aशर्मा, रामावतार
245 0 _aप्रकीर्णाप्रबन्धाः
246 _aPrakīrṇāprabandhāah
260 _aमिथिला
_bमिथिलाविद्यापीठप्रधानेन भारत
_c1956
300 _a232पृ0
_ccm.
650 _aसंस्कृत साहित्य
942 _hO15,6M77x, J6.1
_cTEXL
_2cc
999 _c1022785
_d1022785